| 000 | 00905cab a22002655a 4500 | ||
|---|---|---|---|
| 001 | L157749 | ||
| 008 | 130425e20130420xxk 000 0 eng d | ||
| 035 | _a(Sirsi) u157749 | ||
| 041 | 0 | _aeng | |
| 100 | 1 | _aSimmons, Mark | |
| 245 | 0 | 0 |
_aFocus _bBristol, Bath and Swindon |
| 260 | _c2013 | ||
| 490 |
_aEstates Gazette _v(1316) 20 April 2013, 61-81(16) |
||
| 520 | _aIncludes information on the prospects of several office developments starting in Bristol in 2013; the planned deepwater terminal at Bristol docks which could transform the region into a distribution centre and the latest news on Bristol City Council's office development. | ||
| 590 | _aKA | ||
| 651 | 4 | _aBristol | |
| 651 | 4 | _aBath | |
| 651 | 4 | _aSwindon | |
| 690 |
_aCommercial property _96227 |
||
| 700 | 1 | _aMeadwell, Stacey | |
| 700 | 1 | _aSidders, Jack | |
| 700 | 1 | _aThame, David | |
| 700 | 1 | _aHamilton, Helen | |
| 942 | _n0 | ||
| 999 |
_c84449 _d84449 |
||